Indian Public on Tibet (Record no. 223373)
[ view plain ]
| 000 -LEADER | |
|---|---|
| fixed length control field | 00537nam a22001937a 4500 |
| 005 - DATE AND TIME OF LATEST TRANSACTION | |
| control field | 20220615112343.0 |
| 008 - FIXED-LENGTH DATA ELEMENTS--GENERAL INFORMATION | |
| fixed length control field | 220615b ||||| |||| 00| 0 eng d |
| 040 ## - CATALOGING SOURCE | |
| Transcribing agency | AL |
| 041 ## - LANGUAGE CODE | |
| Language code of text/sound track or separate title | English |
| 082 ## - DEWEY DECIMAL CLASSIFICATION NUMBER | |
| Edition number | 23 |
| Classification number | 951.505 |
| Item number | TIBI |
| 100 ## - MAIN ENTRY--PERSONAL NAME | |
| Personal name | Tibetan Youth Congress |
| 100 ## - MAIN ENTRY--PERSONAL NAME | |
| 9 (RLIN) | 42577 |
| 245 ## - TITLE STATEMENT | |
| Title | Indian Public on Tibet |
| 260 ## - PUBLICATION, DISTRIBUTION, ETC. | |
| Place of publication, distribution, etc. | Dharamsala |
| Name of publisher, distributor, etc. | Tibetan Youth Congress |
| Date of publication, distribution, etc. | 1997 |
| 300 ## - PHYSICAL DESCRIPTION | |
| Extent | 130 p. |
| Other physical details | PB |
| Dimensions | 21x13 cm. |
| 650 ## - SUBJECT ADDED ENTRY--TOPICAL TERM | |
| Topical term or geographic name entry element | Tibet |
| 9 (RLIN) | 42578 |
| 650 ## - SUBJECT ADDED ENTRY--TOPICAL TERM | |
| Topical term or geographic name entry element | Sino Indian Border |
| 9 (RLIN) | 42579 |
| 700 ## - ADDED ENTRY--PERSONAL NAME | |
| Personal name | TIBETAN YOUTH CONGRESS |
| 9 (RLIN) | 42580 |
| 942 ## - ADDED ENTRY ELEMENTS (KOHA) | |
| Source of classification or shelving scheme | Dewey Decimal Classification |
| Koha item type | George Fernandes Collections |
| Withdrawn status | Lost status | Source of classification or shelving scheme | Damaged status | Not for loan | Collection code | Home library | Current library | Date acquired | Total Checkouts | Full call number | Barcode | Date last seen | Price effective from | Koha item type |
|---|---|---|---|---|---|---|---|---|---|---|---|---|---|---|
| Dewey Decimal Classification | History | St Aloysius Library | St Aloysius Library | 03/23/2013 | 951.505 TIBI | GF03214 | 06/15/2022 | 06/15/2022 | George Fernandes Collections |